000 00381nam a2200157Ia 4500
008 230312s9999||||xx |||||||||||||| ||und||
020 _a0-07-060395-2
082 _a658.8
_bLAL
100 _aLal, Rajive
245 0 _aMarketing Management
260 _bMc Graw Hill
_aNew Dehli
_c2005
300 _a812
546 _aEng.
650 _aManagement
_vMarketing strategy
942 _cBK
999 _c6407
_d6407